000 01267naa a22002897a 4500
001 BR8103137
003 BR-BrBNA
005 20250716171006.0
007 ta
008 250630b bl.|||m| |||| 00| 0 por d
040 _aBR-BrBNA
_bpor
_cBiblioteca Nacional de Agricultura
041 _a(Pt)
072 _aK10
_b3000
_bG514
090 _aK10 BR8103137
100 1 _aMagalhaes, J.G.R.
245 1 _aTecnologia de obtencao da madeira [Arvore florestal; Producao florestal; Pratica cultural]
246 1 _a[Wood obtention technology [Forest tree; Forest production; Cultural practice]]
246 1 _a[Wood utilization for energy purposes]
500 _aUso da madeira para fins energeticos Penedo, W.R. (comp.) Belo Horizonte, MG (Brasil): 1980. p. 55-66 [22 ref.] (BR8103137-AMS)
773 0 _tUso da madeira para fins energeticos
_aPenedo, W.R. (comp.). Fundacao Centro Tecnologico de Minas Gerais, Belo Horizonte (Brasil)
_wK10 BR8103137
_gBelo Horizonte, MG (Brasil), 1980. p. 55-66
650 _aProducao florestal
650 _aArvore florestal
650 _aPratica cultural
490 _aSerie de Publicacoes Tecnicas - Fundacao Centro Tecnologico de Minas Gerais (Brazil)
_vno. 1
942 _cAMS
_2AGRIS
909 _a202506
_bLúcia
_c55
_dLúcia Elande
999 _c333719
_d333719